Season 14 SNL Hosts by Picture - Statistics

General Stats
  • This quiz has been taken 54 times
  • The average score is 13 of 19
Answer Stats
Picture Answer % Correct
Tom Hanks
98%
Dolly Parton
92%
Mel Gibson
84%
Danny DeVito
82%
John Lithgow
78%
Matthew Broderick
78%
Leslie Nielsen
76%
Ted Danson
73%
Glenn Close
69%
Mary Tyler Moore
69%
Wayne Gretzky
69%
Demi Moore
67%
Tony Danza
63%
John Malkovich
57%
Geena Davis
55%
John Larroquette
43%
Melanie Griffith
37%
Kevin Kline
35%
Matthew Modine
27%
No matching quizzes found
Score Distribution
Percent of People with Each Score
Percentile by Number Answered
Your Score History
You have not taken this quiz